000 00654cas a22002055a 4500
001 L170
008 070626c1937 sa qr p 0 a0eng
022 1 _a0020-2983
035 _a(Sirsi) u98808
041 0 _aeng
110 2 _aInstitute of Mine Surveyors of South Africa
_95242
245 0 0 _aJournal
_bInstitute of Mine Surveyors of South Africa
260 _aMarshalltown
_bInstitute of Mine Surveyors of South Africa
_c[19-?]-
362 _a8(1) March 1954-28(6) December 1996
554 _aFour per year
651 4 _aSouth Africa
690 _aENVIRONMENTAL AND LAND CONSULTANCY-GEOMATICS-LAND SURVEYING
942 _n0
948 _c11/05/1994
999 _c118530
_d118530